Química inorgánica
Guardado en:
| Autor principal: | |
|---|---|
| Formato: | Libro |
| Lenguaje: | español |
| Publicado: |
Barcelona
Reverté
1994
|
| Materias: | |
| Etiquetas: |
Agregar Etiqueta
Sin Etiquetas, Sea el primero en etiquetar este registro!
|
MARC
| LEADER | 00000nam a2200000 a 4500 | ||
|---|---|---|---|
| 001 | UCG4444 | ||
| 003 | CL-VaPUC | ||
| 008 | 101104e19940000SP |||||||||||||||||spa|d | ||
| 020 | |a 8429173919 | ||
| 082 | 0 | 4 | |a 546 |b MOE |2 21 |
| 100 | |a Moeller, Therald |e autor |9 553723 | ||
| 245 | 1 | 0 | |a Química inorgánica |
| 300 | |a 902 p | ||
| 942 | |c BK | ||
| 945 | |d 20101104 00:00:00 |a mfarfan | ||
| 260 | |a Barcelona |b Reverté |c 1994 | ||
| 650 | 0 | |a Química inorgánica |9 260154 | |
| 650 | 0 | |a Moléculas |9 259584 | |
| 650 | 7 | |a TABLA PERIODICA |2 CL-VaPUC |9 528958 | |
| 650 | 0 | |a Reacciones químicas |9 259438 | |
| 583 | |a last modification |c 20101104 00:00:00 |k Rodrigo Vera | ||
| 999 | |c 343150 |d 343148 | ||
| 952 | |0 0 |1 0 |4 0 |6 546_000000000000000_MOE_1994 |7 0 |8 A |9 440189 |a BIBCUR |b BIBCUR |d 2019-11-22 |i 4730267 |o 546 MOE 1994 |p 4730267 |r 2025-04-22 |w 2019-11-22 |y BK |k QUI | ||
| 952 | |0 0 |1 0 |4 0 |6 546_000000000000000_MOE_1994 |7 0 |8 A |9 440190 |a BIBCUR |b BIBCUR |d 2019-11-22 |i 4730275 |o 546 MOE 1994 |p 4730275 |r 2025-04-22 |w 2019-11-22 |y BK |k QUI | ||
| 952 | |0 0 |1 0 |4 0 |6 546_000000000000000_MOE_1994 |7 0 |8 A |9 440191 |a BIBCUR |b BIBCUR |d 2019-11-22 |i 4730283 |o 546 MOE 1994 |p 4730283 |r 2025-04-22 |w 2019-11-22 |y BK |k QUI | ||